LEADER 00977cam0 22002653 450 001 SOB0000001392 005 20230614075326.0 100 $a20010206d1946 |||||ita|0103 ba 101 $aita 102 $aIT 200 1 $aCodice sociale$eSchema di una sintesi sociale cattolica della ‘Unione internazionale di studi sociali’ (Malines)$fa cura di Ferruccio Pergolesi 210 $aFirenze$cSansoni$d1946 215 $a216 p.$d18 cm 225 2 $aTesti e documenti costituzionali$v41 410 1$1001LAEC00017501$12001 $a*Testi e documenti costituzionali$v41 702 1$aPergolesi, Ferruccio$3AF00019816$4070 801 0$aIT$bUNISOB$c20230614$gRICA 850 $aUNISOB 852 $aUNISOB$j340|Coll|2|K$m4049 912 $aSOB0000001392 940 $aM 102 Monografia moderna SBN 941 $aM 957 $a340|Coll|2|K$b000041$gSI$d4049$rACQUISTO$1menle$2UNISOB$3UNISOB$420220614130309.0$520230614075326.0$6Alfano 996 $aCodice sociale$9369228 997 $aUNISOB LEADER 01691nam2 22003973i 450 001 NAP0425869 005 20251003044251.0 010 $a9783540566700 010 $a9783642081583$brist. 2010 100 $a20090112d2008 ||||0itac50 ba 101 | $aeng 102 $ade 181 1$6z01$ai $bxxxe 182 1$6z01$an 200 1 $aˆ1: ‰Nonstiff problems$fE. Hairer, S. P. Norsett, G. Wanner 205 $a2. rev. ed.$bcorrected 3. printing 210 $aBerlin [etc.]$cSpringer$dstampa 2008 215 $aXV, 528 p.$d25 cm 300 $aBibliografia: P. [491]-519. 461 1$1001MIL0090313$12001 $aSolving ordinary differential equations$fE. Hairer, S. P. Norsett, G. Wanner$v1 606 $aEquazioni differenziali$xRisoluzione$xMetodi numerici$2FIR$3UFIC023925$9I 676 $a518$9ANALISI NUMERICA$v14 676 $a518.63$9METODI NUMERICI DELL'ANALISI. SOLUZIONI NUMERICHE DI EQUAZIONI DIFFERENZIALI ORDINARIE$v22 700 1$aHairer$b, Ernst$f <1949->$3MILV059850$4070$021071 701 1$aWanner$b, Gerhard$f <1944->$3MILV059852$4070$01726798 701 1$aNorsett$b, Syvert P.$3NAPV108933$4070$0447797 790 1$aHairer$b, E.$3USMV997700$zHairer, Ernst <1949-> 790 1$aWanner$b, G.$3USMV997702$zWanner, Gerhard <1944-> 790 1$aNorsett$b, Syvert Paul$3NAPV108934$zNorsett, Syvert P. 801 3$aIT$bIT-000000$c20090112 850 $aIT-BN0095 912 $aNAP0425869 950 2$aBiblioteca Centralizzata di Ateneo$cv. 1-2$d 01SALA DING 518 HAI.so$e 0102 0000071385 VMA A4(0001 v. 1$fY $h20090107$i20090107 977 $a 01 996 $aNonstiff problems$94133183 997 $aUNISANNIO